000 00463nam a2200193Ia 4500
008 151119s9999||||xx |||||||||||||| ||und||
082 _a823
082 _bGKKV10366
100 _aCAMPBELL WRIGHT
245 _aTHE SPY WHO SAT AND WAITED
260 _a--
260 _b--
260 _c1978
600 _aCAMPBELL WRIGHT
630 _aTHE SPY WHO SAT AND WAITED
700 _aCAMPBELL WRIGHT
730 _aTHE SPY WHO SAT AND WAITED
942 _cBOOK
999 _c1064517
_d1064514